<?xml version="1.0" encoding="UTF-8"?>
<record
    xmlns:xsi="http://www.w3.org/2001/XMLSchema-instance"
    xsi:schemaLocation="http://www.loc.gov/MARC21/slim http://www.loc.gov/standards/marcxml/schema/MARC21slim.xsd"
    xmlns="http://www.loc.gov/MARC21/slim">

  <leader>01502nam a2200313 a 4500</leader>
  <controlfield tag="003">BD-RjUL</controlfield>
  <controlfield tag="005">20221102085059.0</controlfield>
  <controlfield tag="008">030319s1999    su       b    000 0 ara  </controlfield>
  <datafield tag="035" ind1=" " ind2=" ">
    <subfield code="a">(BD-RjUL)</subfield>
  </datafield>
  <datafield tag="040" ind1=" " ind2=" ">
    <subfield code="a">UaCaAUL</subfield>
    <subfield code="c">UaCaAUL</subfield>
    <subfield code="d">CtY</subfield>
    <subfield code="d">UkOxU</subfield>
    <subfield code="b">ara</subfield>
  </datafield>
  <datafield tag="041" ind1=" " ind2=" ">
    <subfield code="a">ara</subfield>
  </datafield>
  <datafield tag="082" ind1=" " ind2=" ">
    <subfield code="2">23</subfield>
    <subfield code="a">297.125</subfield>
    <subfield code="b">REM 1999</subfield>
  </datafield>
  <datafield tag="130" ind1="0" ind2=" ">
    <subfield code="a">Majm&#x16B;&#x2BF;at al-&#x1E25;adith.</subfield>
    <subfield code="9">5651</subfield>
  </datafield>
  <datafield tag="245" ind1="1" ind2="0">
    <subfield code="a"> &#x645;&#x62C;&#x645;&#x648;&#x639;&#x629; &#x627;&#x644;&#x62D;&#x62F;&#x64A;&#x62B; &#x627;&#x644;&#x646;&#x62C;&#x62F;&#x64A;&#x629;  :  &#x648;&#x647;&#x64A; &#x62A;&#x634;&#x62A;&#x645;&#x644; &#x639;&#x644;&#x649; &#x62A;&#x633;&#x639; &#x631;&#x633;&#x627;&#x626;&#x644; &#x647;&#x627;&#x645;&#x647; &#x648;&#x639;&#x644;&#x64A;&#x647;&#x627; &#x62A;&#x639;&#x644;&#x64A;&#x642;&#x627;&#x62A; &#x644;&#x644;&#x645;&#x631;&#x62D;&#x648;&#x645;   ## majmueat alhadith alnajdiat:  wahi tashtamil ealaa tise rasayil hamih waealayha taeliqat lilmarhum</subfield>
    <subfield code="c">&#x633;&#x64A;&#x62F; &#x631;&#x634;&#x64A;&#x62F; &#x631;&#x636;&#x627;. # # Syed Rashid Reda.</subfield>
  </datafield>
  <datafield tag="250" ind1=" " ind2=" ">
    <subfield code="a">3rd.ed.</subfield>
  </datafield>
  <datafield tag="260" ind1=" " ind2=" ">
    <subfield code="a">al-Mamlakah al-&#x2BF;Arab&#x12B;yah al-Sa&#x2BF;&#x16B;d&#x12B;yah :</subfield>
    <subfield code="b">al-Am&#x101;nah al-&#x2BF;&#x100;mmah lil-I&#x1E25;tif&#x101;l bi-Mur&#x16B;r Mi&#x2BC;at &#x2BF;&#x100;m &#x101;l&#xE1; Ta&#x2BC;s&#x12B;s al-Mamlakah,</subfield>
    <subfield code="c">1999.</subfield>
  </datafield>
  <datafield tag="300" ind1=" " ind2=" ">
    <subfield code="a">856 p. ; </subfield>
    <subfield code="c">24 cm.</subfield>
  </datafield>
  <datafield tag="500" ind1=" " ind2=" ">
    <subfield code="a">Includes works by al-Nawaw&#x12B;; edited by Sayed Rash&#x12B;d Ri&#x1E0D;&#x101;.</subfield>
  </datafield>
  <datafield tag="504" ind1=" " ind2=" ">
    <subfield code="a">Includes bibliographical references.</subfield>
  </datafield>
  <datafield tag="650" ind1=" " ind2="0">
    <subfield code="a">Islam.</subfield>
  </datafield>
  <datafield tag="650" ind1=" " ind2="0">
    <subfield code="a">Hadith.</subfield>
  </datafield>
  <datafield tag="700" ind1="0" ind2=" ">
    <subfield code="a"> Rash&#x12B;d Ri&#x1E0D;&#x101;,. sayed</subfield>
    <subfield code="9">5654</subfield>
  </datafield>
  <datafield tag="700" ind1="0" ind2=" ">
    <subfield code="a">Nawaw&#x12B;,</subfield>
    <subfield code="d">1233-1277.</subfield>
    <subfield code="9">634</subfield>
  </datafield>
  <datafield tag="880" ind1="3" ind2="0">
    <subfield code="6">246-03/(3/r</subfield>
    <subfield code="a">&#x645;&#x62C;&#x645;&#x648;&#x639;&#x629; &#x627;&#x644;&#x62D;&#x62F;&#x64A;&#x62B; &#x627;&#x644;&#x646;&#x62C;&#x62F;&#x64A;&#x629;</subfield>
  </datafield>
  <datafield tag="880" ind1=" " ind2=" ">
    <subfield code="6">260-04/(3/r</subfield>
    <subfield code="a">&#x627;&#x644;&#x645;&#x645;&#x644;&#x643;&#x629; &#x627;&#x644;&#x639;&#x631;&#x628;&#x64A;&#x629; &#x627;&#x644;&#x633;&#x639;&#x648;&#x62F;&#x64A;&#x629; :</subfield>
    <subfield code="b">&#x627;&#x644;&#x627;&#x645;&#x627;&#x646;&#x629; &#x627;&#x644;&#x639;&#x627;&#x645;&#x629; &#x644;&#x644;&#x627;&#x62D;&#x62A;&#x641;&#x627;&#x644; &#x628;&#x645;&#x631;&#x648;&#x631; &#x645;&#x627;&#x626;&#x629; &#x639;&#x627;&#x645; &#x639;&#x644;&#x649; &#x62A;&#x623;&#x633;&#x64A;&#x633; &#x627;&#x644;&#x645;&#x645;&#x644;&#x643;&#x629;&#x60C;</subfield>
    <subfield code="c">1999.</subfield>
  </datafield>
  <datafield tag="880" ind1="0" ind2=" ">
    <subfield code="6">700-05/(3/r</subfield>
    <subfield code="a"> &#x631;&#x634;&#x64A;&#x62F; &#x631;&#x636;&#x627;.</subfield>
  </datafield>
  <datafield tag="880" ind1="0" ind2=" ">
    <subfield code="6">700-06/(3/r</subfield>
    <subfield code="a">&#x646;&#x648;&#x648;&#x64A;.</subfield>
  </datafield>
  <datafield tag="942" ind1=" " ind2=" ">
    <subfield code="2">ddc</subfield>
    <subfield code="c">BK</subfield>
  </datafield>
  <datafield tag="999" ind1=" " ind2=" ">
    <subfield code="c">80688</subfield>
    <subfield code="d">80688</subfield>
  </datafield>
  <datafield tag="952" ind1=" " ind2=" ">
    <subfield code="0">0</subfield>
    <subfield code="1">0</subfield>
    <subfield code="2">ddc</subfield>
    <subfield code="4">0</subfield>
    <subfield code="7">1</subfield>
    <subfield code="8">NFIC</subfield>
    <subfield code="a">RUCL</subfield>
    <subfield code="b">RUCL</subfield>
    <subfield code="c">Reading</subfield>
    <subfield code="d">1994-06-20</subfield>
    <subfield code="e">Studies dpt. M. Rahman</subfield>
    <subfield code="o">A 297.125 REM 1999</subfield>
    <subfield code="r">2022-11-02 00:00:00</subfield>
    <subfield code="t">C-1</subfield>
    <subfield code="y">BK</subfield>
  </datafield>
</record>
